Estado y tributos en América Latina: avances y agendas pendientes /

Đã lưu trong:
Chi tiết về thư mục
Tác giả chính: Iñiguez, Alfredo
Định dạng: Texto
Các nhãn: Thêm thẻ
Không có thẻ, Là người đầu tiên thẻ bản ghi này!

MARC

LEADER 00000 a a2200000 04500
001 48785
003
040
100 |a Iñiguez, Alfredo  
245 |a Estado y tributos en América Latina:   |b avances y agendas pendientes /  |c Alfredo Iñiguez  
773 |a número258, (2015), páginas 46-64 : tablas  
999 |c 35274  |d 35274